LEADER 00614oas 2200229z- 450 001 9911063045603321 005 20260218110050.0 011 $a2753-0175 035 $a(CKB)5710000000146701 035 $a(DE-599)2980990-3 035 $a(EXLCZ)995710000000146701 100 $a20230613cuuuuuuuu -u- - 101 0 $aeng 200 00$aBMJ: British Medical Journal (1840-) 210 $cBMJ Publishing Group 311 08$a2753-0205 517 $aBMJ 517 $aLondon journal of medicine 906 $aJOURNAL 912 $a9911063045603321 996 $aBMJ: British Medical Journal (1840-)$94543386 997 $aUNINA